00920 2200289 4500001002100000005001700021008004100038020001800079035002500097082001300122090002000135100002300155245010700178260011700285300003700402500002900439650001900468700001800487700002500505850001200530990001600542990001400558990001400572990001400586999001500600999001500615YOGYA-0209000003137220150707105337.0 ind  a979-9335-08-6 a0010-020900000031372 a959.8142 a959.8142bSri K aSRI SUCIATININGSIH aKepulauan Riau pada masa dollarc/ Sri Sutjiatiningsih, Gatot Winoto ; penyunting, M. Sanggupi Buchari aJakartabProyek Inventarisasi dan Dokumentasi Sejarah Nasional Direktorat Sejarah dan Nilai Tradisional ..c1999 axii, 107 hlm. :bilus. ;c21 cm. aBibliografi : hlm. 95-96 aSejarah - Riau aWinoto, Gatot aBukhari, M. Sanggupi aYOPDYOG a1966-A/2000 a1981-PK/A a1983-PK/A a1984-PK/A a00A0001965 a00A0001966